00598 a2200169 45000010006000000050017000060080041000230030015000640400040000790800041001192450032001602640035001923000019002275050146002461000019003927000017004113788920260407155645.0260407a1971 arg spa dAR-UNSa-BCEJYS aAR-UNSa-BCEJYSbspacAR-UNSa-BCEJYS a512.64xAlgebra lineal y multilineal10aElementos de Algebra Lineal 1aMéxico :bLimusa-Wileyc1971 a243 p.c23 cm. a1. Introducción a los espacios vectoriales - 2. Matrices - 3. Deteriminantes - 4. Raíces características - 5. Funciones cuadráticas .1 aMarcus, Marvin1 aMinc, Henryk